Zákony II/2006 obchodný zákonník
Guardado en:
| Formato: | Libro |
|---|---|
| Lenguaje: | eslovaco |
| Publicado: |
Žilina
Poradca
2006
|
| Materias: | |
| Etiquetas: |
Sin Etiquetas, Sea el primero en etiquetar este registro!
|
MARC
| LEADER | 00000nam$a2200000$$$4500 | ||
|---|---|---|---|
| 001 | 0038663 | ||
| 005 | 20240318120950.1 | ||
| 022 | |a 1335-1583 | ||
| 041 | 0 | |a slo | |
| 044 | |a SK | ||
| 245 | 1 | 0 | |a Zákony II/2006 |b obchodný zákonník |
| 264 | 1 | |a Žilina |b Poradca |c 2006 | |
| 300 | |a 688 s. | ||
| 610 | 2 | 0 | |a predpisy právne |
| 610 | 2 | 0 | |a legislatíva |
| 610 | 2 | 0 | |a zákonník obchodný |
| 610 | 2 | 0 | |a zákonník občiansky |
| 610 | 2 | 0 | |a poriadok súdny občiansky |
| 610 | 2 | 0 | |a konkurzy |
| 610 | 2 | 0 | |a reštrukturalizácia |
| 610 | 2 | 0 | |a poriadok exekučný |
| 610 | 2 | 0 | |a živnosti |
| 610 | 2 | 0 | |a právo trestné |
| 610 | 2 | 0 | |a Slovensko |
| 610 | 2 | 0 | |a 2006 |